Normal view
MARC view
Entry Personal Name
001 - CONTROL NUMBER
- control field: 1610
003 - CONTROL NUMBER IDENTIFIER
- control field: OSt
005 - DATE AND TIME OF LATEST TRANSACTION
- control field: 20230608152738.0
008 - FIXED-LENGTH DATA ELEMENTS
- fixed length control field: 230608|| aca||aabn | a|a d
040 ## - CATALOGING SOURCE
- Original cataloging agency: OSt
- Transcribing agency: OSt
100 ## - HEADING--PERSONAL NAME
- Personal name: Twigg-Flesner, Christian
670 ## - SOURCE DATA FOUND
- Source citation: Work cat.: (OSt): Atiyah and Adam's sale of goods. /, 2021.
